| 000 | 00950nam a22001935i 4500 | ||
|---|---|---|---|
| 001 | 161777 | ||
| 003 | ES-MaACL | ||
| 005 | 20230906212346.0 | ||
| 008 | 041026s1864 sp |||| | spa d | ||
| 080 | _a342.4(494)"1848" | ||
| 100 | 1 |
_aPerez Calvo, Quintin. _9131008 |
|
| 245 | 1 | 0 | _aDiscurso leído ante el claustro de la Universidad Central por Quintín Perez Calvo... en el acto solemne de recibir la investidura de doctor en la Facultad de Derecho. |
| 260 |
_aMadrid : _b[s.n.], _c1864 ( _fEstab. tip. de T. Fortanet) |
||
| 300 |
_a27 p. ; _c23 cm. |
||
| 594 | _aTema del discurso: Bases generales de la Constitución suiza de 1848: ¿ha introducido algún cambio en la vida cantonal de aquella república? | ||
| 650 | 4 |
_aConstituciones- _zSuiza. _9176139 |
|
| 710 | 2 |
_aUniversidad Central (Madrid). _bFacultad de Derecho. _97090 |
|
| 852 | 4 |
_aES-MaACL _jT-66-F-11 _z- Enc. hol. deteriorada, falto de cub. original _z- Enc. en un vol. facticio |
|
| 999 |
_c161777 _d161777 |
||